| 000 | 00718nam a2200181 a 4500 | ||
|---|---|---|---|
| 008 | 120416s1995 ||||||||||||||||| || u | ||
| 020 | _a1557754586 | ||
| 050 | _aIMF(08) | ||
| 100 | _aHadjimichael, Michael T | ||
| 245 | 1 | 0 | _aSub-Saharan Africa: growth, savings, and investment, 1986-93 |
| 260 |
_aWashington, D.C _bInternational Monetary Fund _c1995 |
||
| 300 | _avii, 79p : ill. | ||
| 350 | _a0.00 | ||
| 650 | _aSAVING AND INVESTMENT--AFRICA, SUB-SAHARAN | ||
| 650 | 0 | _aAFRICA, SUB-SAHARAN--ECONOMIC CONDITIONS | |
| 650 | _aAFRICA, SUB-SAHARA--ECONOMIC CONDITIONS--1960 | ||
| 995 |
_D0.00 _FCBU-MAIN LIBRARY (Kitwe) _H1 _I15.00 _UAVAILABLE _ZInternational Publications |
||
| 999 |
_c59020 _d59020 |
||